000 00809nam a2200241Ia 4500
003 OSt
005 20220923223511.0
006 a|||||r|||| 00| 0
007 ta
008 220922b |||||||| |||| 00| 0 hin d
024 _a218,312
037 _cTextual
040 _aARTS
_cARTS
_bhin
041 _2hin
_ahin
082 _aO168,3N23w,1, 152P2
100 _aरामलाल; नफीस हैदर हल्लौरी, अनु.
_9164319
245 0 _aकूचा ए क़ातिल
246 _aKūchā e क़ātila
260 _aदिल्ली
_b किताबघर
_c2002
300 _a183i`
_ccm.
942 _hO168,3N23w,1, 152P2
_cTEXL
_2CC
999 _c365774
_d365774